| 000 | 00921cam a2200253 a 4500 | ||
|---|---|---|---|
| 020 | _a047125309X (set : alk. paper) | ||
| 020 | _a0471253235 (v. 1 : alk. paper) | ||
| 020 | _a0471253243 (v. 2 : alk. paper) | ||
| 020 | _a0471253251 (v. 3 : alk. paper) | ||
| 040 | _cDLC | ||
| 082 | 0 | 0 | _a371 WIL 2000 A020 Or. |
| 245 | 0 | 0 |
_aEncyclopedia of special education : _ba reference for the education of the handicapped and other exceptional children and adults / |
| 250 | _a2nd ed. | ||
| 260 |
_aNew York : _bWiley, _cc2000. |
||
| 300 |
_a3 v. : _bill. ; _c29 cm. |
||
| 650 | 0 | _aChildren with disabilities | |
| 650 | 0 | _aSpecial education | |
| 650 | 0 | _aPeople with disabilities | |
| 700 | 1 | _aReynolds, Cecil R., | |
| 700 | 2 | _aFletcher-Janzen, Elaine. | |
| 856 | 4 | 2 | _uhttp://www.loc.gov/catdir/description/wiley033/99015333.html |
| 856 | 4 | 2 | _uhttp://www.loc.gov/catdir/enhancements/fy0708/99015333-b.html |
| 942 | _cEK | ||
| 999 |
_c12825 _d12825 |
||